000 00294nam a22001337a 4500
008 170329b xxu||||| |||| 00| 0 eng d
020 _a9780071455527
041 _aeng
080 _211TH
_a616-053.2
100 _a8
101 _ashm
245 _apediatrics
_cyeatman, r.j
942 _2udc
_cBK
999 _c9002
_d9002